01845nam a2200481 i 450000100060000000300020000600500170000800600190002500700150004400800410005902000280010002000180012803500220014604000310016805000240019908000100022308000110023308200170024410000420026124501880030324600620049126400340055330000410058733600310062833700330065933800430069250400390073558800830077459001620085765000190101965000190103865000220105765000160107965000160109565000300111165500270114170000430116870000430121179700180125485600630127294200110133599900170134675566020241217151224.0m o u cr cn|||||||||201104s2017 sp ob 000 0 spa d a9788494766664q(e-book) z9788494766602 a(OCoLC)1204299983 aFINmELBbspaerdacFINmELB14aQR171.I6bA387 2017 a579.8 a612.3304a616.92012231 aAgustín Layunta, Francisca,eautor.10aProbióticos, prebióticos y simbióticos :baplicaciones clínicas : microbiota humana /cFrancisca Agustín Layunta, María José García Abad, María Luisa Morales Marina.1 iSubtítulo de la cubiertaaAplicaciones por patologías 1aMadrid :bEdiciones I,c2017. a1 recurso en línea (127 páginas) atextobtxt2rdacontent/spa acomputadorabc2rdamedia/spa arecurso en líneabcr2rdacarrier/spa aBibliografía: páginas 109-127. aDescripción basada en metadatos suministrados por el editor y otras fuentes. aRecurso electrónico. Santa Fe, Arg.: elibro, 2020. Disponible vía World Wide Web. El acceso puede estar limitado para las bibliotecas afiliadas a elibro. 4aProbióticos. 4aPrebióticos. 4aFlora intestinal. 0aProbiotics. 0aPrebiotics. 0aIntestinesxMicrobiology. 4aLibros electrónicos.1 aGarcía Abad, María José,eautor.1 aMorales Marina, María Luisa,eautor.2 aelibro, Corp.40uhttps://elibro.net/ereader/politecnicointernacional/120094 cLIBROS c75566d75566